[Event "OP-2023-0-05377"]
[Site "LSS email"]
[Date "2023.02.11"]
[Round "?"]
[White "Darnaux, Pascal"]
[Black "Cleto Junior, Dirceu"]
[Result "1/2-1/2"]
[WhiteElo "2253"]
[BlackElo "1783"]
[PlyCount "41"]
[EventDate "2023.02.03"]
[EventType "tourn (corr)"]
[EventRounds "4"]
[EventCountry "GER"]
[SourceTitle "Corr 2024"]
[Source "ChessBase"]
[SourceDate "2023.10.19"]
[SourceVersion "1"]
[SourceVersionDate "2023.10.19"]
[SourceQuality "1"]

1. e4 c5 2. Nf3 d6 3. d4 cxd4 4. Nxd4 Nf6 5. Nc3 Nc6 6. Bg5 e6 7. Qd2 a6 8. 0-0-0 Bd7 9. f4 Be7 10. Nf3 b5 11. Bxf6 gxf6 12. Kb1 b4 13. Ne2 h5 14. Ned4 Qb6 15. Bc4 Na5 16. Bd3 Nb7 17. Qe2 a5 18. Bb5 a4 19. Bxd7+ Kxd7 20. Rhe1 Rhc8 21. e5 1/2-1/2

[Event "OP-2023-0-05376"]
[Site "LSS email"]
[Date "2023.02.09"]
[Round "?"]
[White "Csoma, Robert"]
[Black "Darnaux, Pascal"]
[Result "0-1"]
[WhiteElo "1001"]
[BlackElo "2253"]
[PlyCount "36"]
[EventDate "2023.01.31"]
[EventType "tourn (corr)"]
[EventRounds "4"]
[EventCountry "GER"]
[SourceTitle "Corr 2024"]
[Source "ChessBase"]
[SourceDate "2023.10.19"]
[SourceVersion "1"]
[SourceVersionDate "2023.10.19"]
[SourceQuality "1"]

1. d4 Nf6 2. Nc3 d5 3. Bg5 Nbd7 4. Qd3 h6 5. Bh4 c5 6. 0-0-0 c4 7. Qf3 Qa5 8. Kb1 g5 9. Bg3 h5 10. h4 g4 11. Qe3 b5 12. Ka1 b4 13. Nb1 Ne4 14. Bf4 e5 15. Bh2 Rh6 16. Bxe5 Ra6 17. a3 bxa3 18. Nxa3 c3 0-1